Best Actress Winners by Character - Statistics

General Stats
  • This quiz has been taken 81 times
    18 since last reset
  • The average score is 27 of 101
Answer Stats
Character Actress % Correct
Scarlett O'Hara Vivien Leigh
94%
Clarice Starling Jodie Foster
81%
Erin Brockovich Julia Roberts
81%
Mary Poppins Julie Andrews
81%
Margaret Thatcher Meryl Streep
81%
June Carter Cash Reese Witherspoon
81%
Annie Hall Diane Keaton
75%
Loretta Lynn Sissy Spacek
63%
Aileen Wuornos Charlize Theron
56%
Queen Elizabeth II Helen Mirren
56%
Sophie Zawistowski Meryl Streep
56%
Annie Wilkes Kathy Bates
50%
Nurse Mildred Ratched Louise Fletcher
50%
Judy Garland Renée Zellweger
50%
Fanny Brice Barbra Streisand
44%
Marge Gunderson Frances McDormand
44%
Édith Piaf Marion Cotillard
44%
Virginia Woolf Nicole Kidman
44%
Norma Rae Webster Sally Field
44%
Blanche DuBois Vivien Leigh
44%
Alice Hyatt Ellen Burstyn
38%
Kay Miniver Greer Garson
38%
Brandon Teena Hilary Swank
38%
Anna Koreff / Anastasia Ingrid Bergman
38%
Agnes Shakespeare Jessie Buckley
38%
Sally Bowles Liza Minnelli
38%
Jean Brodie Maggie Smith
38%
Evelyn Quan Wang Michelle Yeoh
38%
Helen Prejean Susan Sarandon
38%
Princess Ann Audrey Hepburn
31%
Jeanette "Jasmine" Francis Cate Blanchett
31%
Kitty Foyle Ginger Rogers
31%
Tammy Faye Bakker Jessica Chastain
31%
Mildred Pierce Beragon Joan Crawford
31%
Eleanor of Aquitaine Katharine Hepburn
31%
Anora "Ani" Mikheeva Mikey Madison
31%
Viola de Lesseps Gwyneth Paltrow
25%
Leticia Musgrove Halle Berry
25%
Madelon Claudet Helen Hayes
25%
Maggie Fitzgerald Hilary Swank
25%
Daisy Werthan Jessica Tandy
25%
Eve White / Eve Black / Jane Joanne Woodward
25%
Eva Lovelace Katharine Hepburn
25%
O-Lan Luise Rainer
25%
Min Divot Marie Dressler
25%
Leigh Anne Tuohy Sandra Bullock
25%
Serafina Delle Rose Anna Magnani
19%
Annie Sullivan Anne Bancroft
19%
Julie Marsden Bette Davis
19%
Joy "Ma" Newsome Brie Larson
19%
Loretta Castorini Cher
19%
Martha Elizabeth Taylor
19%
Bella Baxter Emma Stone
19%
Mia Dolan Emma Stone
19%
Margaret Schlegel Emma Thompson
19%
Fern Frances McDormand
19%
Bree Daniels Jane Fonda
19%
Sally Hyde Jane Fonda
19%
Bernadette Soubirous Jennifer Jones
19%
Tiffany Maxwell Jennifer Lawrence
19%
Emma "Billie" Dawn Judy Holliday
19%
Ethel Thayer Katharine Hepburn
19%
Queen Anne Olivia Colman
19%
Aurora Greenway Shirley MacLaine
19%
Cesira Sophia Loren
19%
Joyce Heath Bette Davis
13%
Diana Christensen Faye Dunaway
13%
Mildred Hayes Frances McDormand
13%
Carrie Watts Geraldine Page
13%
Gudrun Brangwen Glenda Jackson
13%
Vickie Allessio Glenda Jackson
13%
Carol Connelly Helen Hunt
13%
Ada McGrath Holly Hunter
13%
Paula Alquist Anton Ingrid Bergman
13%
The Wife Janet Gaynor
13%
Belinda McDonald Jane Wyman
13%
Carly Marshall Jessica Lange
13%
Lina McLaidlaw Aysgarth Joan Fontaine
13%
Sarah Tobias Jodie Foster
13%
Alice Howland Julianne Moore
13%
Diana Scott Julie Christie
13%
Hanna Schmitz Kate Winslet
13%
Christina Drayton Katharine Hepburn
13%
Anna Held Luise Rainer
13%
Sarah Norman Marlee Matlin
13%
Norma Besant Mary Pickford
13%
Nina Sayers Natalie Portman
13%
Ellie Andrews Claudette Colbert
6%
Gloria Wandrous Elizabeth Taylor
6%
Georgie Elgin Grace Kelly
6%
Angela Janet Gaynor
6%
Diane Janet Gaynor
6%
Katie Holstrom Loretta Young
6%
Jerry Bernard Martin Norma Shearer
6%
Josephine "Jody" Norris Olivia de Havilland
6%
Catherine Sloper Olivia de Havilland
6%
Alma Brown Patricia Neal
6%
Edna Spalding Sally Field
6%
Lola Delaney Shirley Booth
6%
Alice Aisgill Simone Signoret
6%
Barbara Graham Susan Hayward
6%
No matching quizzes found
Score Distribution
Percent of People with Each Score
Percentile by Number Answered
Your Score History
You have not taken this quiz since the last reset